000 00430nam a22001457a 4500
999 _c8121
_d8121
003 OSt
005 20200804153625.0
008 200804b ||||| |||| 00| 0 eng d
020 _a9788131521991
082 _a658.4012
_bRES
100 _a Resch, Marc,
_d1968-
245 _aStrategic project management transformation : delivering maximum ROI & sustainable business value
260 _a2014
_bCENGAGE LEARNING
_c2014
942 _2ddc